000 01806nam a22002777a 4500
001 1331
005 20250916100258.0
020 _a9789996305023
040 _aFISKH
_beng
_cFISKH
_dFISKH
082 _a914.95
100 _aSodany, Ouch
245 _aនាងអ៊ីរីស /
_bរឿងព្រេងក្រិក :
_cគូររូបដោយ Isabelle Calin
250 _aបោះពុម្ពលើកទី៦ ខែកក្កដា ឆ្នាំ​ ២០២១
260 _aPhnom Penh :
_bSipar,
_c2021.
300 _a36 pages :
_bmap ; color illustrations ;
_c25 cm
490 _aខ្ញុំចង់អាន
505 _aP
520 _aអ៊ីរីស ជាកូនស្រីអ្នកលក់អុសម្នាក់ តែនាងមានប្រាជ្ញាលើអស់មនុស្សទាំងពួង។ ដោយចង់ល្បងនាង ព្រះរាជាដែលមានប្រាជ្ញាខ្ពង់ខ្ពស់ និងមានអំណាច​បានដាក់ប្រស្នាម្ដងហើយម្ដងទៀតឳ្យនាងដោះស្រាយ។ ទីបំផុតនាងក៏បានក្លាយជាមហេសីរបស់ព្រះអង្គ។
520 _aEris is the daughter of a wood seller, but she is wise to all. To test her, the wise and powerful king repeatedly told her the parable. She eventually became his wife.
521 _a650
_bLexile estimate
521 _aP
_bRaz-Plus
650 _aប្រាជ្ញា
_vស្ដេច
_xប្រស្នា
_yល្បងប្រាជ្ញា
650 _aWise
_vKing
_xParable
_yTest
700 _aCalin, Isabelle
_cillustrator
942 _2ddc
_cBK
_n0
999 _c1331
_d1331